Clickable Christmas Carol: 12 Days of Christmas Quiz Stats

 Plays Quiz Updated Dec 24, 2016

Support Sporcle.
Go Orange.
Score 0/78 Timer 04:00
6 Plays Today
% Correct
???
97%
???
84.6%
???
69.1%
???
63%
???
62.6%
???
59.8%
???
59.7%
???
59.6%
???
59.6%
???
59.1%
???
59%
???
58.8%
???
58.7%
???
58.2%
???
57%
???
55%
???
54.6%
???
54.4%
???
54.1%
???
53.1%
???
52.8%
???
52.5%
???
52.2%
???
52.1%
???
51%
???
50.6%
???
50.3%
???
50.2%
???
50.2%
???
50.2%
???
49.5%
???
48.8%
???
48.3%
???
48%
???
47.5%
???
47.5%
???
47.4%
???
46.9%
???
46.8%
% Correct
???
45.6%
???
45.5%
???
45%
???
44.9%
???
44.9%
???
44.7%
???
44.2%
???
43.3%
???
43.1%
???
42.9%
???
42.7%
???
42.5%
???
42.4%
???
42.4%
???
41.9%
???
41.6%
???
41.4%
???
41.2%
???
41.1%
???
40.8%
???
40.7%
???
40.7%
???
40.4%
???
39.8%
???
39.6%
???
39.5%
???
38.7%
???
38.5%
???
37.9%
???
37.4%
???
37.4%
???
37.2%
???
36.9%
???
36.8%
???
36%
???
34.8%
???
34.6%
???
32.9%
???
30.7%

You're not logged in!

Compare scores with friends on all Sporcle quizzes.
OR
Log In
Forgot?

From the Vault

Bible Passage by Necktie

by hatefulmissy

For when you're literally up to your neck in Bible passages.
Remove Ads.
Support Sporcle.
Get the best of Sporcle when you Go Orange. This ad-free experience offers more features, more stats, and more fun while also helping to support Sporcle. Thank you for becoming a member.

Show Comments

Extras

Top Quizzes Today


Score Distribution

Your Account Isn't Verified!

In order to create a playlist on Sporcle, you need to verify the email address you used during registration. Go to your Sporcle Settings to finish the process.

Report this User

Report this user for behavior that violates our Community Guidelines.

Details: